书目信息 |
| 题名: |
海德格尔与伦理学问题
|
|
| 作者: | 韩潮 著 | |
| 分册: | ||
| 出版信息: | 上海 同济大学出版社 2007 |
|
| 页数: | 348页 | |
| 开本: | 21cm | |
| 丛书名: | 同济·德意志文化丛书 | |
| 单 册: | ||
| 中图分类: | B82-095.16 | |
| 科图分类: | ||
| 主题词: | 伦理学 | |
| 电子资源: | ||
| ISBN: | 978-7-5608-3467-2 | |
| 000 | 00937oam2 2200277 450 | |
| 001 | 1260113375 | |
| 005 | 20120930164223.09 | |
| 010 | @a978-7-5608-3467-2@dCNY23.00 | |
| 100 | @a20070327d2007 em y0chiy50 ea | |
| 101 | 0 | @achi |
| 102 | @aCN@b310000 | |
| 105 | @ay z 000yy | |
| 200 | 1 | @a海德格尔与伦理学问题@9hai de ge er yu lun li xue wen ti@f韩潮著 |
| 210 | @a上海@c同济大学出版社@d2007 | |
| 215 | @a348页@d21cm | |
| 225 | 2 | @a同济·德意志文化丛书 |
| 308 | @a丛书第二辑 | |
| 330 | @a本书以古典伦理学为视角,以海德格尔的亚里士多德释读为发端,以存在论与伦理学之关联为线索,为海德格尔思想重新定位。 | |
| 461 | 0 | @12001 @a同济·德意志文化丛书 |
| 600 | 0 | @a海德格尔@c(Heidegger, Mardin@f1889~1976)@x伦理学@x研究 |
| 600 | 0 | @a海德格尔@c(Heidegger, Mardin@f1889~1976) |
| 606 | 0 | @a伦理学 |
| 690 | @aB82-095.16@v4 | |
| 701 | 0 | @a韩潮@9han chao@4著 |
| 801 | 0 | @aCN@b91MARC@c20101222 |
| 905 | @a10447@dB82-095.16@eJY192 | |
| 海德格尔与伦理学问题/韩潮著.-上海:同济大学出版社,2007 |
| 348页;21cm.-(同济·德意志文化丛书) |
| ISBN 978-7-5608-3467-2:CNY23.00 |
| 本书以古典伦理学为视角,以海德格尔的亚里士多德释读为发端,以存在论与伦理学之关联为线索,为海德格尔思想重新定位。 |
| ● |
| 相关链接 |
|
|
|
|
正题名:海德格尔与伦理学问题
索取号:B82-095.16/JY192
 
预约/预借
| 序号 | 登录号 | 条形码 | 馆藏地/架位号 | 状态 | 备注 |
| 1 | 7829953 | 278299538 | 学院路分馆/ [索取号:B82-095.16/JY192] | 在馆 | |
| 2 | 7829954 | 278299547 | 学院路分馆/ [索取号:B82-095.16/JY192] | 在馆 |